Applications of abstract algebra with maple and matlab (Record no. 2591)
[ view plain ]
| 000 -LEADER | |
|---|---|
| fixed length control field | 00527 a2200181 4500 |
| 001 - CONTROL NUMBER | |
| control field | 068975 |
| 003 - CONTROL NUMBER IDENTIFIER | |
| control field | OSt |
| 005 - DATE AND TIME OF LATEST TRANSACTION | |
| control field | 20220331151315.0 |
| 008 - FIXED-LENGTH DATA ELEMENTS--GENERAL INFORMATION | |
| fixed length control field | |
| 082 ## - DEWEY DECIMAL CLASSIFICATION NUMBER | |
| Classification number | 512.02 |
| Item number | K68A |
| 100 1# - MAIN ENTRY--PERSONAL NAME | |
| Personal name | Klima, Richard E. |
| 245 1# - TITLE STATEMENT | |
| Title | Applications of abstract algebra with maple and matlab |
| Statement of responsibility, etc | by Richard E. Klima |
| 260 ## - PUBLICATION, DISTRIBUTION, ETC. (IMPRINT) | |
| Place of publication, distribution, etc | New York |
| Name of publisher, distributor, etc | Crc Press |
| Date of publication, distribution, etc | 2007 |
| 300 ## - PHYSICAL DESCRIPTION | |
| Extent | 505p. |
| 653 ## - INDEX TERM--UNCONTROLLED | |
| Uncontrolled term | MATLAB; Maple (Computer file); Algebra, Abstract--Data processing |
| 700 ## - ADDED ENTRY--PERSONAL NAME | |
| Personal name | Sigmon, Neil P. |
| 942 ## - ADDED ENTRY ELEMENTS (KOHA) | |
| Source of classification or shelving scheme | Dewey Decimal Classification |
| Koha item type | Books |
| Withdrawn status | Lost status | Source of classification or shelving scheme | Damaged status | Not for loan | Collection code | Home library | Current library | Date acquired | Source of acquisition | Cost, normal purchase price | Total Checkouts | Full call number | Barcode | Date last seen | Price effective from | Koha item type |
|---|---|---|---|---|---|---|---|---|---|---|---|---|---|---|---|---|
| Dewey Decimal Classification | General Text Book | Central University Of Rajasthan | Central University Of Rajasthan | 07/03/2012 | MTH | 595.00 | 512.02 K68A | 3262 | 21/11/2024 | 02/09/2020 | Books |
